000
00314nam a22001337a 4500
008
260309b ||||| |||| 00| 0 eng d
020
_a
9994363387
041
_a
Shqip
080
_a
2.1
100
_a
20.1
101
_a
sport
245
_a
Historia e Kampionateve në Shqipëri
_c
Besnik Dizdari
942
_2
udc
_c
BK
999
_c
60879
_d
60879